000 01635nam a2200337 c 4500
003 BLK
005 20180422115501.0
008 180411b bul|||||r ||||||| ||bul||
010 _aKNG00195550000
040 _aBLK
041 _aBUL
_cBUL
080 _aЗапояване
_b621.791.3
_x(035)
_z621.791.3(035)
100 1 _aНиколова, Христина
_eпърви автор
_9383132
700 1 _aТанчева, Иванка
_eсъавт.
_9344138
700 1 _aХалеба, Давид Алберт
_eсъавт.
_9135891
139 _aНиколова, Христина и др.
_bН 75
245 1 0 _aСъвременни методи за спояване
_b[Ръководство]
_cХристина Николова; съавт. Иванка Танчева; съавт. Давид Алберт Халеба.
250 _a2. изд.
257 _aBGR
260 София
_bТехника
_c1981
_fЯмбол : Г. Димитров
300 _a251 с.
_bс ил., 1 л. сх.
_c20 см
380 _a62
500 _aАвт. Христина Николова Велинова и Иванка Танчева Вълчева известни като Христина Николова и Иванка Танчева. - 1 изд. 1974. - Библиогр. с. 245-246. - 1 590 тир. Предметни рубрики Спояване - Ръковиодства УДК 621.791.3(02)
650 4 _aЗапояване
_9155784
653 _aзапояване
852 _aЦб 109347
856 4 _qpdf
_u
856 4 _qpdf
_u
942 _cKNG
_n0
944 _aCR
_c09.11.2016
_kЕлица_Владова
944 _aED
_c09.11.2016
_kЕлица_Владова
999 _c186555
_d186555